| 000 | 01120nam a2200289Ii 4500 | ||
|---|---|---|---|
| 008 | 211104s9999 xx 000 0 und d | ||
| 022 | _a1663-3563 | ||
| 041 | _aeng | ||
| 245 | 0 | _aFrontiers in Synaptic Neuroscience: | |
| 264 |
_aSwitzerland: _bFrontiers Media S.A. |
||
| 336 |
_2rdacontent _atext _btxt |
||
| 337 |
_2rdamedia _acomputer _bc |
||
| 338 |
_2rdacarrier _aonline resource _bcr |
||
| 540 |
_fCC BY _uhttp://journal.frontiersin.org/journal/synaptic-neuroscience#about |
||
| 540 | _uhttp://journal.frontiersin.org/journal/synaptic-neuroscience#about | ||
| 540 | _uhttp://www.frontiersin.org/synaptic_neuroscience/about | ||
| 540 | _uhttps://www.frontiersin.org/articles/10.3389/fnsyn.2019.00015/full | ||
| 653 | _a Dynamic regulation of proteins | ||
| 653 | _a Neurotransmitters | ||
| 653 | _a Synaptic neuroscience | ||
| 653 | _a Synaptic plasticity | ||
| 653 | _aSynaptic transmission | ||
| 710 | 2 | _aThe Directory of Open Access Journals | |
| 856 | _uhttp://www.frontiersin.org/synaptic_neuroscience | ||
| 856 | _uhttps://doaj.org/toc/82844e96fd714a17a4b2f1f1759a1ee1 | ||
| 942 | _cE-JOURNAL | ||
| 999 |
_c40950 _d40950 |
||